<?xml version="1.0" encoding="UTF-8"?><?xml-stylesheet type="text/xsl" href="static/style.xsl"?><OAI-PMH xmlns="http://www.openarchives.org/OAI/2.0/" xmlns:xsi="http://www.w3.org/2001/XMLSchema-instance" xsi:schemaLocation="http://www.openarchives.org/OAI/2.0/ http://www.openarchives.org/OAI/2.0/OAI-PMH.xsd"><responseDate>2026-04-17T16:18:10Z</responseDate><request verb="GetRecord" identifier="oai:www.recercat.cat:2072/356274" metadataPrefix="marc">https://recercat.cat/oai/request</request><GetRecord><record><header><identifier>oai:recercat.cat:2072/356274</identifier><datestamp>2024-12-23T16:40:28Z</datestamp><setSpec>com_2072_353044</setSpec><setSpec>com_2072_351515</setSpec><setSpec>com_2072_1741</setSpec><setSpec>col_2072_353045</setSpec></header><metadata><record xmlns="http://www.loc.gov/MARC21/slim" xmlns:dcterms="http://purl.org/dc/terms/" xmlns:xsi="http://www.w3.org/2001/XMLSchema-instance" xmlns:doc="http://www.lyncode.com/xoai" xsi:schemaLocation="http://www.loc.gov/MARC21/slim http://www.loc.gov/standards/marcxml/schema/MARC21slim.xsd">
   <leader>00925njm 22002777a 4500</leader>
   <datafield ind2=" " ind1=" " tag="042">
      <subfield code="a">dc</subfield>
   </datafield>
   <datafield ind2=" " ind1=" " tag="720">
      <subfield code="a">Melgarejo, Joan Carles</subfield>
      <subfield code="e">author</subfield>
   </datafield>
   <datafield ind2=" " ind1=" " tag="720">
      <subfield code="a">Campeny, Marc</subfield>
      <subfield code="e">author</subfield>
   </datafield>
   <datafield ind2=" " ind1=" " tag="720">
      <subfield code="a">Sanz, Joaquim</subfield>
      <subfield code="e">author</subfield>
   </datafield>
   <datafield ind2=" " ind1=" " tag="720">
      <subfield code="a">Curto, Carles</subfield>
      <subfield code="e">author</subfield>
   </datafield>
   <datafield ind2=" " ind1=" " tag="720">
      <subfield code="a">Viñals, Joan</subfield>
      <subfield code="e">author</subfield>
   </datafield>
   <datafield ind2=" " ind1=" " tag="260">
      <subfield code="c">2010-02-19</subfield>
   </datafield>
   <datafield ind2=" " ind1=" " tag="520">
      <subfield code="a">El coleccionismo de minerales es una actividad en expansión. El alto nivel de demanda de minerales y de sus derivados posibilita
la creación de microempresas en países en vías de desarrollo que, con muy poca inversión de capital, pueden facilitar el desarrollo de
áreas rurales sin producir apenas impacto en el medio natural. Un aspecto muy importante para la supervivencia de estas microempresas
es que el material tenga la calidad adecuada para su óptima comercialización, cosa que no ocurre en la actualidad con la mayor parte del
material que procede de los países en vías de desarrollo. En este trabajo se proporcionan, de forma ilustrada, los criterios que se deben
usar para identificar el tipo de material que puede ser interesante para ser comercializado, así como los mecanismos de tratamiento de
los minerales desde su lugar de extracción hasta el punto de venta.</subfield>
   </datafield>
   <datafield ind2=" " ind1=" " tag="520">
      <subfield code="a">Mineral collecting is a growing activity. The high demand for minerals and their derivatives has resulted in the creation of microcompanies
around the mineral trade in developing countries. This activity could facilitate the development of rural areas with no need
of a large capital investment and with minimal environmental impact. The high quality of their products is the most important aspect
for the survival of these micro-companies, but nowadays the material that comes from developing countries does not always arrive
in the best condition. In this essay the basic criteria are provided for identifying the kind of minerals that are interesting enough to
be commercialized, and also the procedures recommended for commercializing them from the place where they are extracted to their
point of sale.</subfield>
   </datafield>
   <datafield ind1="8" ind2=" " tag="024">
      <subfield code="a">http://hdl.handle.net/2072/356274</subfield>
   </datafield>
   <datafield ind1="8" ind2=" " tag="024">
      <subfield code="a">https://doi.org/10.18268/BSGM2010v62n1a4</subfield>
   </datafield>
   <datafield ind2="0" ind1="0" tag="245">
      <subfield code="a">Los minerales de colección como recurso económico en países en vías de desarrollo</subfield>
   </datafield>
</record></metadata></record></GetRecord></OAI-PMH>